000 00714na a2200241 4500
001 13073
003 MIRAKIL
005 20181213154827.0
008 161010b tu 000 0
020 _a9751913551
040 _aMilas
_btur
_cTR-AnCHP
041 _atur
082 _a643.2
_bŞ35b
090 _a643.2 Ş35b 1996
100 _aŞenyapılı, Tansı
245 _a1980 sonrasında ruhsatsız konut yapımı
_cTansı Şenyapılı
260 _aAnkara
_bT.C Başbakanlık Toplu Konut İdaresi Başkanlığı
_c1996
300 _axiv, 82 s.
_btbl.
_c24 sm.
490 _aKonut Araştırmaları dizisi
_v8
650 _aKonutlar
_xGecekondu
_y1980-
657 _aRuhsatsız konutlar
942 _2ddc
_cBKS
999 _c1574
_d1574